Famous Songs Written by Max Martin - Statistics

General Stats
  • This quiz has been taken 17 times
  • The average score is 20 of 47
Answer Stats
Song Artist % Correct
I Want It That Way Backstreet Boys
94%
...Baby One More Time Britney Spears
94%
Beauty and a Beat Justin Bieber
88%
CAN'T STOP THE FEELING! Justin Timberlake
88%
Dark Horse Katy Perry
88%
Shake It Off Taylor Swift
88%
Since U Been Gone Kelly Clarkson
81%
Dangerous Woman Ariana Grande
69%
Love Me Like You Do Ellie Goulding
69%
Send My Love (To Your New Lover) Adele
63%
It's My Life Bon Jovi
63%
Domino Jessie J
63%
Whataya Want From Me Adam Lambert
56%
My Universe Coldplay
56%
One More Night Maroon 5
56%
So What P!nk
56%
Hands to Myself Selena Gomez
56%
DJ Got Us Fallin' in Love Usher
56%
Blow Ke$ha
50%
Va Va Voom Nicki Minaj
50%
Dare (La La La) Shakira
50%
Dynamite Taio Cruz
50%
Stupid Love Lady Gaga
44%
Wild Wild Love Pitbull
44%
In the Night The Weeknd
44%
Cool For the Summer Demi Lovato
38%
Motivation Normani
38%
What the Hell Avril Lavigne
31%
That's The Way It Is Celine Dion
31%
Lust for Life Lana Del Rey
31%
Let There Be Love Christina Aguilera
25%
Beautiful People Ed Sheeran
25%
Love Myself Hailee Steinfeld
25%
It's Gonna Be Me NSYNC
25%
How Do You Sleep? Sam Smith
25%
Grrrls Lizzo
19%
SUPERMODEL Maneskin
19%
So Good Halsey
13%
If Jesus Was a Rockstar Kim Petras
13%
Play It Again Becky G
6%
Lonely Dancers Conan Gray
6%
EVERYBODY Kanye West
6%
Enough is Enough Post Malone
6%
Nobody Love Tori Kelly
6%
2002 Ava Max
0%
1000 Times (Been Through This) Juice WRLD
0%
Finished What We Started Zac Brown Band
0%
No matching quizzes found
Score Distribution
Percent of People with Each Score
Percentile by Number Answered
Your Score History
You have not taken this quiz